000 01491nam a2200361 c 4500
999 _c111507
_d111507
003 BLK
005 20220225162813.0
008 180409b bul|||||r ||||||| ||bul||
010 _aKNG00116852000
020 _a954-9548-77-5
040 _aBLK
041 _aBUL
_cBUL
072 7 _2bullib
_aЯ
_xАвтографи
072 7 _2bullib
_aК
_xКраезнание
072 7 _2bullib
_aРА
_xРусенски автори
080 _aБългарска литература
_b821.163.2
_x-1
_z821.163.2-1
100 1 _aПенева, Николина
_eпърви автор
_gБачева, Николина Пенева
_9263308
139 _aПенева, Николина
_bП 34
245 1 0 _aБуря и затишие
_bЛирика
_cНиколина Пенева; * Николина Пенева Бачева.
257 _aBGR
260 _bАвангард принт
_c2004
_fРусе : Авангард принт
300 _a52 с.
_c20 см
380 _aX
500 _aПълното име на авт. е Николина Пенева Бачева. - Съдържа и С душа за любов / Крум Гергицов
659 _aК
659 _aЯ
700 1 _aБачева, Николина Пенева
_e*
_9366534
852 _aЦб 222163
852 _aК 821.163.2/П 34 Н
856 4 _qpdf
856 4 _qpdf
942 _cKNG
_n0
_s1
944 _aCR
_c07.01.2005
_kГеновева_Генчева
944 _aED
_c06.04.2016
_kЛюдмила_Стоянова
999 _d111507